[Event "II Torneo C.V.A. A"]
[Site "Arvier ITA"]
[Date "2005.04.23"]
[Round "7"]
[White "Corke, Anya S."]
[Black "Straub, Peter"]
[Result "1-0"]
[WhiteElo "2138"]
[BlackElo "2112"]
[PlyCount "97"]
[EventDate "2005.04.18"]

1. d4 Nf6 2. Bg5 e6 3. e4 c5 4. e5 h6 5. Bc1 Nd5 6. c4 Nb4 7. a3 N4c6 8. d5
Nxe5 9. Nc3 d6 10. f4 Ng6 11. Bd3 Qf6 12. Ne4 Qe7 13. Qe2 f5 14. Ng3 Nh4 15.
Nf3 Nxf3+ 16. Qxf3 g6 17. dxe6 Bxe6 18. O-O Nc6 19. Be3 Bg7 20. Rab1 a5 21.
Rfe1 O-O 22. Ne2 Qf7 23. Rec1 Qf6 24. Nc3 Qf7 25. Nb5 Rad8 26. Qf2 b6 27. Rd1
d5 28. cxd5 Bxd5 29. Bf1 Bb3 30. Re1 Nd4 31. Nxd4 cxd4 32. Bd2 Bc2 33. Rbc1 d3
34. Re5 Bxe5 35. fxe5 g5 36. Qxb6 Qg7 37. Re1 Rb8 38. Qxa5 Rxb2 39. Bc3 Rb3 40.
Bxd3 Rc8 41. Bc4+ Rxc4 42. Qd5+ Qf7 43. e6 Qa7+ 44. Kh1 Rc5 45. Qd8+ Kh7 46.
Qh8+ Kg6 47. e7 Rb8 48. e8=Q+ Rxe8 49. Qxe8+ 1-0

[Event "II Torneo C.V.A. A"]
[Site "Arvier ITA"]
[Date "2005.04.23"]
[Round "7"]
[White "De Leeuw, Johannes"]
[Black "Papale, Carmelo"]
[Result "1/2-1/2"]
[WhiteElo "1983"]
[BlackElo "1955"]
[PlyCount "126"]
[EventDate "2005.04.18"]

1. c4 c5 2. Nf3 d6 3. e4 Nc6 4. d4 cxd4 5. Nxd4 Nf6 6. Nc3 e6 7. Be2 Be7 8. O-O
O-O 9. Be3 d5 10. exd5 exd5 11. Nxd5 Nb4 12. Bg5 Nbxd5 13. cxd5 Qxd5 14. Nf3
Qa5 15. Qd2 Qxd2 16. Nxd2 h6 17. Bh4 Bf5 18. Rac1 Rad8 19. Rfd1 Rd7 20. Nc4
Rfd8 21. Ne3 Be4 22. f3 Bc6 23. Nf5 Rxd1+ 24. Rxd1 Rxd1+ 25. Bxd1 Bc5+ 26. Kf1
Nd5 27. Bf2 Bxf2 28. Kxf2 Kf8 29. g3 Nb4 30. Bb3 Nd3+ 31. Ke3 Nxb2 32. Nd6 f6
33. f4 a5 34. Kd4 b6 35. Nc8 a4 36. Bc2 b5 37. Kc5 Bd7 38. Nd6 Nc4 39. Nxc4
bxc4 40. a3 c3 41. Kb4 Ke7 42. Kxc3 g5 43. fxg5 hxg5 44. Kb4 Kd6 45. Kc3 Ke5
46. Kd2 Kd4 47. h4 gxh4 48. gxh4 f5 49. h5 Ke5 50. h6 Kf6 51. Ke3 Kg6 52. Kf4
Kxh6 53. Bxf5 Bc6 54. Be4 Bb5 55. Ke3 Kg5 56. Bc2 Kf6 57. Kd4 Ke7 58. Kc5 Be8
59. Bd3 Kd8 60. Kb6 Kc8 61. Ba6+ Kb8 62. Bb7 Bf7 63. Bc6 Bb3 1/2-1/2

[Event "II Torneo C.V.A. A"]
[Site "Arvier ITA"]
[Date "2005.04.23"]
[Round "7"]
[White "Dvirnyy, Danyyil"]
[Black "Bettera, Roberto"]
[Result "1-0"]
[WhiteElo "2120"]
[BlackElo "1892"]
[PlyCount "95"]
[EventDate "2005.04.18"]

1. e4 e5 2. Nf3 Nc6 3. d4 exd4 4. Bc4 Bc5 5. c3 d3 6. b4 Bb6 7. a4 a6 8. Qxd3
d6 9. O-O h6 10. a5 Ba7 11. Bf4 Nge7 12. Nbd2 Ng6 13. Bg3 Qe7 14. b5 axb5 15.
Bxb5 O-O 16. Nc4 Nce5 17. Nfxe5 dxe5 18. Nb6 Bxb6 19. axb6 Be6 20. Rxa8 Rxa8
21. bxc7 Qxc7 22. Rd1 Ra3 23. Rc1 Qb6 24. h3 Rb3 25. Bc4 Bxc4 26. Qxc4 Rb2 27.
Ra1 Qf6 28. Ra2 Rb1+ 29. Kh2 h5 30. Qc8+ Kh7 31. Qf5 Qxf5 32. exf5 Nf4 33. Ra4
Nd3 34. Rc4 f6 35. f3 Kh6 36. h4 b5 37. Rc8 Kh7 38. Rd8 Nc5 39. Bf2 Na4 40. g4
hxg4 41. fxg4 Rb2 42. Kg3 Nxc3 43. Be3 Ne2+ 44. Kf3 Nf4 45. Bxf4 exf4 46. g5
Rb3+ 47. Kg4 fxg5 48. hxg5 1-0

[Event "II Torneo C.V.A. A"]
[Site "Arvier ITA"]
[Date "2005.04.23"]
[Round "7"]
[White "Efimov, Igor"]
[Black "Vocaturo, Daniele"]
[Result "1-0"]
[WhiteElo "2458"]
[BlackElo "2303"]
[PlyCount "57"]
[EventDate "2005.04.18"]

1. d4 Nf6 2. c4 g6 3. Nc3 Bg7 4. e4 d6 5. Nge2 O-O 6. Ng3 e5 7. d5 a5 8. Bd3
Na6 9. O-O Bd7 10. h3 h5 11. Bg5 Qe8 12. Qd2 Nh7 13. Be3 Qe7 14. Rae1 Bf6 15.
Nce2 Bg5 16. f4 exf4 17. Nxf4 Qe5 18. Nge2 Bf6 19. Nd4 b6 20. Bc2 Rfe8 21. Re2
Qe7 22. Nc6 Qf8 23. Ref2 Qg7 24. e5 Bxe5 25. Nxh5 gxh5 26. Bh6 Qh8 27. Rxf7
Bxc6 28. Bxh7+ Qxh7 29. Qg5+ 1-0

[Event "II Torneo C.V.A. A"]
[Site "Arvier ITA"]
[Date "2005.04.23"]
[Round "7"]
[White "Frova, Martino"]
[Black "Berni, Francesco"]
[Result "1-0"]
[WhiteElo "1742"]
[BlackElo "1718"]
[PlyCount "47"]
[EventDate "2005.04.18"]

1. e4 c5 2. Nf3 Nc6 3. d4 cxd4 4. Nxd4 e5 5. Nb5 d6 6. N1c3 a6 7. Na3 Nf6 8.
Bg5 Be7 9. Bxf6 gxf6 10. Nd5 b5 11. c3 O-O 12. Nc2 f5 13. Bd3 fxe4 14. Bxe4 Ra7
15. Nce3 f5 16. Bc2 Be6 17. Qh5 Bg5 18. O-O-O Rb7 19. h4 Bxe3+ 20. Nxe3 Qc8 21.
Rxd6 b4 22. Rxe6 bxc3 23. Bxf5 Rff7 24. Rg6+ 1-0

[Event "II Torneo C.V.A. A"]
[Site "Arvier ITA"]
[Date "2005.04.23"]
[Round "7"]
[White "Hecht, Hans-Joachim"]
[Black "Bruno, Fabio"]
[Result "0-1"]
[WhiteElo "2384"]
[BlackElo "2374"]
[PlyCount "80"]
[EventDate "2005.04.18"]

1. d4 d5 2. c4 c6 3. Nf3 Nf6 4. e3 e6 5. Nbd2 Nbd7 6. Bd3 Bd6 7. O-O O-O 8. e4
dxe4 9. Nxe4 Nxe4 10. Bxe4 Qc7 11. Bc2 Re8 12. Re1 c5 13. b3 cxd4 14. Bb2 Nf8
15. Qxd4 f6 16. Rad1 Bc5 17. Qd2 Qb6 18. a3 a5 19. Nd4 Rd8 20. Be4 Kh8 21. b4
axb4 22. axb4 Bxb4 23. Bc3 Bc5 24. Rb1 Qd6 25. Nf3 Qc7 26. Qb2 Kg8 27. Red1 Ra6
28. Nd4 Rad6 29. Bd5 Bxd4 30. Bxd4 exd5 31. Bb6 Rxb6 32. Qxb6 Qxb6 33. Rxb6 d4
34. c5 Rd5 35. Rc1 Kf7 36. Kf1 Ke7 37. Ke2 Nd7 38. Rd6 Re5+ 39. Kf3 Nxc5 40.
Rxd4 Bd7 0-1

[Event "II Torneo C.V.A. A"]
[Site "Arvier ITA"]
[Date "2005.04.23"]
[Round "7"]
[White "Lattanzi, Domenico"]
[Black "Hansen, Henrik Damgaard"]
[Result "0-1"]
[WhiteElo "1898"]
[BlackElo "1909"]
[PlyCount "106"]
[EventDate "2005.04.18"]

1. e4 d5 2. exd5 Nf6 3. Nc3 Nxd5 4. d4 Nxc3 5. bxc3 g6 6. Nf3 Bg7 7. Bc4 O-O 8.
O-O c5 9. Be3 cxd4 10. cxd4 Bg4 11. c3 Qc7 12. Qb3 Bxf3 13. gxf3 Nc6 14. Bd3 b6
15. Rac1 Qd6 16. Qc2 Rac8 17. Qd2 e5 18. Ba6 Rcd8 19. Bb5 exd4 20. Bf4 Be5 21.
Bg3 Bxg3 22. fxg3 dxc3 23. Qxc3 Qd4+ 24. Qxd4 Nxd4 25. a4 Rc8 26. Rcd1 Rfd8 27.
Rde1 Kf8 28. Re4 Nxb5 29. axb5 Rc5 30. Rb1 Rdd5 31. Reb4 Rd2 32. R4b2 Rxb2 33.
Rxb2 Ke8 34. Kf2 Kd8 35. Ke3 Kc8 36. Kd4 Kb7 37. Kd3 a6 38. bxa6+ Kxa6 39. Ra2+
Kb7 40. Kd4 Ra5 41. Re2 Rc5 42. Re7+ Rc7 43. Re2 b5 44. Kd3 Kb6 45. Ra2 b4 46.
Kd4 Kb5 47. Kd3 b3 48. Ra8 Kb4 49. Rb8+ Ka3 50. Ra8+ Kb2 51. Re8 Rc3+ 52. Ke4
Kc2 53. f4 b2 0-1

[Event "II Torneo C.V.A. A"]
[Site "Arvier ITA"]
[Date "2005.04.23"]
[Round "7"]
[White "Lundmark, Giorgio"]
[Black "Traversi, Carlo"]
[Result "1/2-1/2"]
[WhiteElo "1825"]
[BlackElo "1820"]
[PlyCount "47"]
[EventDate "2005.04.18"]

1. e4 Nc6 2. d4 e5 3. Nf3 exd4 4. Nxd4 Bc5 5. Be3 Qf6 6. c3 Nge7 7. Be2 a6 8.
O-O O-O 9. Nxc6 Qxc6 10. Bxc5 Qxc5 11. Qd4 Qxd4 12. cxd4 d5 13. Nc3 dxe4 14.
Nxe4 Bf5 15. Nc3 Rad8 16. Rad1 c6 17. Bc4 Nc8 18. Rd2 Nd6 19. Be2 Rfe8 20. Rfd1
Ne4 21. Nxe4 Bxe4 22. f3 Bd5 23. b3 Re3 24. Kf2 1/2-1/2

[Event "II Torneo C.V.A. A"]
[Site "Arvier ITA"]
[Date "2005.04.23"]
[Round "7"]
[White "Ortega, Lexy"]
[Black "De Santis, Alessio"]
[Result "1/2-1/2"]
[WhiteElo "2439"]
[BlackElo "2248"]
[PlyCount "89"]
[EventDate "2005.04.18"]

1. d4 d6 2. e4 Nf6 3. Nc3 c6 4. h3 e5 5. g4 Qa5 6. Bg2 Be7 7. Nge2 O-O 8. Be3
Nbd7 9. O-O Re8 10. f4 Nf8 11. f5 exd4 12. Nxd4 N6d7 13. g5 Qd8 14. Qh5 Ne5 15.
f6 gxf6 16. Nf5 Bxf5 17. Rxf5 fxg5 18. Raf1 f6 19. h4 Ne6 20. R5f2 Ng7 21. Qd1
g4 22. Ne2 Kh8 23. Ng3 Rg8 24. Bh6 Ne8 25. Nf5 Bf8 26. Bf4 Qc7 27. b3 Qf7 28.
c4 c5 29. Bg3 a5 30. a4 Ra6 31. Ne3 Bh6 32. Nd5 Qh5 33. Rf5 Qf7 34. Nxf6 Nxf6
35. Rxf6 Be3+ 36. Kh2 Qe7 37. R6f5 Bd4 38. Qd2 Raa8 39. Qh6 Rg6 40. Rf8+ Rxf8
41. Rxf8+ Rg8 42. Rf5 Rg6 43. Rf8+ Rg8 44. Rf5 Rg6 45. Rf8+ 1/2-1/2

[Event "II Torneo C.V.A. A"]
[Site "Arvier ITA"]
[Date "2005.04.23"]
[Round "7"]
[White "Renzini, Lorenzo"]
[Black "Bucalossi, Romano"]
[Result "1-0"]
[WhiteElo "1736"]
[BlackElo "1655"]
[PlyCount "51"]
[EventDate "2005.04.18"]

1. c4 e5 2. Nc3 Bc5 3. e3 Nc6 4. Nge2 a6 5. g3 Nge7 6. Bg2 O-O 7. O-O d6 8. d4
exd4 9. Nxd4 Ne5 10. b3 c6 11. Bb2 N7g6 12. Qd2 Be6 13. Nxe6 fxe6 14. Ne4 Qc7
15. Rad1 Rad8 16. Qe2 Ba7 17. Ng5 Qe7 18. Qh5 h6 19. Ne4 Rf5 20. Qe2 d5 21.
cxd5 cxd5 22. Nd2 Rdf8 23. Rde1 Re8 24. Nb1 Ref8 25. Ba3 Nf3+ 26. Bxf3 1-0

[Event "II Torneo C.V.A. A"]
[Site "Arvier ITA"]
[Date "2005.04.23"]
[Round "7"]
[White "Rombaldoni, Axel"]
[Black "Karl, Hans"]
[Result "0-1"]
[WhiteElo "2147"]
[BlackElo "2294"]
[PlyCount "102"]
[EventDate "2005.04.18"]

1. e4 e5 2. Nf3 Nc6 3. Bb5 a6 4. Ba4 Nf6 5. d3 d6 6. c3 Be7 7. Nbd2 O-O 8. Nf1
b5 9. Bb3 Na5 10. Bc2 c5 11. h3 Qc7 12. Ne3 Re8 13. O-O Bb7 14. Nf5 d5 15.
Nxe7+ Rxe7 16. Bg5 Re6 17. Qe2 Rae8 18. b4 dxe4 19. dxe4 Nc4 20. a4 h6 21. Bh4
Nd6 22. Bxf6 Rxf6 23. Nh2 Nc4 24. axb5 axb5 25. Bd3 cxb4 26. cxb4 Rc8 27. Rfc1
Rc6 28. Ng4 Qd6 29. Ra7 R8c7 30. Rd1 Qxb4 31. Bxc4 Rxc4 32. Rd8+ Kh7 33. Nf6+
Kg6 34. Ne8 Rxe4 35. Qd3 Qe1+ 36. Kh2 Qxf2 37. Nd6 Qf4+ 38. Qg3+ Qxg3+ 39. Kxg3
Rc3+ 40. Kh2 Bc6 41. Nxe4 Bxe4 42. Ra2 b4 43. Re2 f5 44. Rd6+ Kg5 45. Re6 Kf4
46. Rg6 b3 47. Kg1 Rc2 48. Kf2 Rxe2+ 49. Kxe2 Bd5 50. Rxg7 b2 51. g3+ Ke4 0-1

[Event "II Torneo C.V.A. A"]
[Site "Arvier ITA"]
[Date "2005.04.23"]
[Round "7"]
[White "Rombaldoni, Denis"]
[Black "Didoni, Renato"]
[Result "1-0"]
[WhiteElo "2336"]
[BlackElo "2060"]
[PlyCount "73"]
[EventDate "2005.04.18"]

1. d4 g6 2. c4 Bg7 3. Nc3 d6 4. Nf3 Nc6 5. Bf4 Bg4 6. d5 e5 7. dxc6 exf4 8.
cxb7 Rb8 9. Qa4+ Bd7 10. Qxa7 Bc6 11. g3 Rxb7 12. Qa3 fxg3 13. hxg3 Ne7 14. Bg2
Qb8 15. O-O Rxb2 16. Rab1 Rxb1 17. Rxb1 Qc8 18. Nb5 O-O 19. Rb4 Qd7 20. Qb3 Nc8
21. a4 Re8 22. Qa2 Nb6 23. a5 Nc8 24. Qd2 Ba8 25. Rb3 c6 26. Nbd4 d5 27. cxd5
cxd5 28. e3 Nd6 29. Bf1 Ne4 30. Qb4 Qg4 31. a6 Bf8 32. Qb5 Rc8 33. Ne5 Qh5 34.
Qd7 Nd6 35. Nxf7 Rc1 36. Nxd6 Bxd6 37. Qxd6 1-0

[Event "II Torneo C.V.A. A"]
[Site "Arvier ITA"]
[Date "2005.04.23"]
[Round "7"]
[White "Ronchetti, Niccolo'"]
[Black "Naumkin, Igor"]
[Result "1/2-1/2"]
[WhiteElo "2364"]
[BlackElo "2412"]
[PlyCount "49"]
[EventDate "2005.04.18"]

1. e4 e6 2. d4 d5 3. e5 c5 4. c3 Nc6 5. Nf3 Qb6 6. a3 c4 7. Nbd2 Na5 8. g3 Bd7
9. h4 O-O-O 10. Bh3 f5 11. exf6 gxf6 12. O-O Nh6 13. Re1 Nf7 14. Nf1 Bg7 15.
Ne3 Qc6 16. Bg2 Nd6 17. Nd2 Kb8 18. Nc2 Qc8 19. Nb4 Ka8 20. Rb1 h5 21. Nf1 Be8
22. Bh3 Bd7 23. Bg2 Be8 24. Bh3 Bd7 25. Bg2 1/2-1/2

[Event "II Torneo C.V.A. A"]
[Site "Arvier ITA"]
[Date "2005.04.23"]
[Round "7"]
[White "Rossi, Aldo A."]
[Black "Bonafede, Alessandro"]
[Result "0-1"]
[WhiteElo "2108"]
[BlackElo "2095"]
[PlyCount "126"]
[EventDate "2005.04.18"]

1. e4 c5 2. Nc3 Nc6 3. g3 g6 4. Bg2 Bg7 5. d3 e6 6. Be3 d6 7. Qd2 Rb8 8. Nge2
Nd4 9. Nd1 Ne7 10. Nc1 O-O 11. c3 Ndc6 12. O-O b5 13. Ne2 a5 14. f3 Ba6 15. Nf2
b4 16. Rab1 bxc3 17. bxc3 Qc7 18. Qc2 Na7 19. a4 Rxb1 20. Rxb1 Rb8 21. Rxb8+
Qxb8 22. Bf1 Nac8 23. d4 c4 24. Nc1 Qb7 25. Nd1 Qc6 26. Qa2 Nb6 27. Nb2 d5 28.
e5 Bf8 29. Be2 Qd7 30. Bd1 Bb7 31. Kf2 Bc6 32. g4 Kg7 33. Bg5 Ng8 34. f4 f6 35.
Bh4 Qe7 36. Ne2 Qa3 37. Qb1 f5 38. gxf5 gxf5 39. Bc2 Ne7 40. Nd1 Nxa4 41. Bxe7
Qxe7 42. Ne3 Qc7 43. Bxf5 exf5 44. Qxf5 Qf7 45. Qg4+ Kh8 46. Qc8 Bd7 47. Qa8
Be6 48. Qxa5 Nb2 49. Qd8 Nd3+ 50. Kg3 Qg6+ 51. Qg5 Qxg5+ 52. fxg5 Kg7 53. Ng2
Ba3 54. Ngf4 Nxf4 55. Nxf4 Kf7 56. Ne2 Bb2 57. h4 Bf5 58. h5 Bd3 59. e6+ Ke7
60. Nf4 Be4 61. Ne2 Kxe6 62. Kg4 Kd6 63. Ng3 Bxc3 0-1

[Event "II Torneo C.V.A. A"]
[Site "Arvier ITA"]
[Date "2005.04.23"]
[Round "7"]
[White "Turino, Luca"]
[Black "Pegoraro, Nicola"]
[Result "0-1"]
[WhiteElo "1694"]
[BlackElo "2082"]
[PlyCount "52"]
[EventDate "2005.04.18"]

1. d4 f5 2. c4 Nf6 3. Nc3 g6 4. Bg5 Bg7 5. Nf3 d6 6. e3 O-O 7. Bd3 Nc6 8. a3 e5
9. dxe5 dxe5 10. e4 f4 11. Nd5 Bg4 12. Nb4 Nd4 13. Nc2 Nb3 14. Rb1 Qd6 15. Nb4
Nd4 16. Nc2 Bxf3 17. gxf3 Nd7 18. Rg1 h6 19. Bh4 g5 20. Bxg5 hxg5 21. Rxg5 Qh6
22. Rxg7+ Kxg7 23. Nxd4 exd4 24. b4 Ne5 25. Be2 Rad8 26. Rc1 d3 0-1

[Event "II Torneo C.V.A. A"]
[Site "Arvier ITA"]
[Date "2005.04.23"]
[Round "7"]
[White "Virzi, Ettore"]
[Black "Beccaris, Gabriele"]
[Result "0-1"]
[WhiteElo "1972"]
[BlackElo "2091"]
[PlyCount "44"]
[EventDate "2005.04.18"]

1. e4 c5 2. Nf3 a6 3. c4 Nc6 4. d4 cxd4 5. Nxd4 Nf6 6. Nc3 e5 7. Nf5 d5 8. cxd5
Bxf5 9. exf5 Nd4 10. Bf4 Bd6 11. Bxe5 Bxe5 12. f4 Qe7 13. fxe5 Qxe5+ 14. Ne2
Nxf5 15. Qa4+ b5 16. Qf4 Qxd5 17. Nc3 Qe6+ 18. Kf2 O-O 19. g4 Qb6+ 20. Kg2 Ne3+
21. Kg3 Nexg4 22. h3 Nh5+ 0-1

[Event "II Torneo C.V.A. A"]
[Site "Arvier ITA"]
[Date "2005.04.23"]
[Round "7"]
[White "Vrban, Damir"]
[Black "Orfali, Marcelo Rafael"]
[Result "1-0"]
[WhiteElo "2131"]
[BlackElo "2041"]
[PlyCount "77"]
[EventDate "2005.04.18"]

1. f4 e5 2. fxe5 d6 3. exd6 Nf6 4. Nf3 Bxd6 5. g3 Ne4 6. d3 Nxg3 7. hxg3 Bxg3+
8. Kd2 Qe7 9. e3 Nc6 10. Nc3 Bf5 11. Bh3 g6 12. Qg1 Be5 13. e4 Bf4+ 14. Kd1
Bxc1 15. Nd5 Qd6 16. Kxc1 Bxh3 17. Rxh3 O-O-O 18. Qh2 Qxh2 19. Rxh2 h6 20. Ne3
f6 21. Kd2 h5 22. Rah1 Rh7 23. Ng2 Rdh8 24. Nf4 Ne7 25. d4 h4 26. Rxh4 Rxh4 27.
Rxh4 Rxh4 28. Nxh4 g5 29. Nhg6 Ng8 30. Nd5 Kd7 31. Nf8+ Kd6 32. Nh7 f5 33. Nxg5
fxe4 34. Nc3 Nh6 35. Ncxe4+ Kd5 36. Kd3 b5 37. b3 Nf5 38. c4+ Kc6 39. d5+ 1-0

[Event "II Torneo C.V.A. A"]
[Site "Arvier ITA"]
[Date "2005.04.23"]
[Round "7"]
[White "Ziltener, Werner"]
[Black "Siegmund, Rainer"]
[Result "1/2-1/2"]
[WhiteElo "2095"]
[BlackElo "2149"]
[PlyCount "136"]
[EventDate "2005.04.18"]

1. d4 Nf6 2. Nf3 e6 3. g3 b6 4. Bg2 Bb7 5. O-O c5 6. c4 Be7 7. d5 exd5 8. Nh4
d6 9. Nf5 O-O 10. Nc3 Re8 11. Nxd5 Nxd5 12. Bxd5 Bxd5 13. Qxd5 Nd7 14. Nxd6
Bxd6 15. Qxd6 Ne5 16. Qxd8 Raxd8 17. b3 Nc6 18. Be3 Nd4 19. Bxd4 Rxd4 20. e3
Rd2 21. Rfd1 Red8 22. Rxd2 Rxd2 23. Kf1 Kf8 24. Ke1 Rb2 25. h3 Ke7 26. Kf1 Ke6
27. Kg2 f5 28. g4 g6 29. Kf3 h6 30. gxf5+ gxf5 31. Rg1 Kf6 32. Rd1 Kg5 33. Kg3
Kf6 34. h4 h5 35. Kf3 Ke5 36. Rg1 Rxa2 37. Rg5 Rb2 38. Rxh5 Rxb3 39. Rh8 Rb4
40. h5 Rxc4 41. Kg3 Kf6 42. f4 Re4 43. Kf3 Kg7 44. Rd8 Re7 45. Rd5 Kf6 46. Rd6+
Kg7 47. Rd5 Rf7 48. e4 fxe4+ 49. Kxe4 a5 50. Rg5+ Kh7 51. Rg6 b5 52. Rg5 a4 53.
Rxc5 Rb7 54. Kd5 a3 55. Kc6 a2 56. Rc1 b4 57. Kxb7 b3 58. Rc7+ Kh6 59. Rc6+
Kxh5 60. Rc3 a1=Q 61. Rxb3 Qf6 62. Rb5+ Kg4 63. Rb6 Qxf4 64. Kc6 Kf5 65. Rb5+
Kf6 66. Kc5 Qe5+ 67. Kc4 Qe4+ 68. Kc5 Ke6 1/2-1/2

[Event "II Torneo C.V.A. A"]
[Site "Arvier ITA"]
[Date "2005.04.24"]
[Round "8"]
[White "Abergel, Thal"]
[Black "Rombaldoni, Denis"]
[Result "1-0"]
[WhiteElo "2456"]
[BlackElo "2336"]
[PlyCount "137"]
[EventDate "2005.04.18"]

1. e4 c6 2. d4 d5 3. Nc3 dxe4 4. Nxe4 Nf6 5. Nxf6+ gxf6 6. c3 Bf5 7. Nf3 e6 8.
Bc4 Qc7 9. Qe2 Nd7 10. Nh4 Bg6 11. Be3 O-O-O 12. Nxg6 hxg6 13. h3 Bh6 14. O-O-O
Bxe3+ 15. Qxe3 g5 16. Kb1 Nb6 17. Bb3 Qf4 18. Qe2 f5 19. Bc2 Nd5 20. c4 Nf6 21.
g3 Qd6 22. Qd2 f4 23. Qa5 fxg3 24. Qxg5 Nh5 25. fxg3 Nxg3 26. Rhe1 Rxh3 27. Re3
Rdh8 28. Rg1 Qxd4 29. Rexg3 Rxg3 30. Qxg3 Qxc4 31. Qg7 Rd8 32. Qxf7 Rd7 33.
Qf8+ Kc7 34. Re1 Qg4 35. Qe8 Rd2 36. Qxe6 Qxe6 37. Rxe6 a5 38. Re7+ Kb6 39. Bf5
Rf2 40. Re5 Rh2 41. Bd3 Rd2 42. Re3 Kc5 43. Kc1 Rh2 44. Re2 Rh6 45. Kc2 b5 46.
Re5+ Kd4 47. Re4+ Kc5 48. a4 b4 49. Bc4 Rh2+ 50. Re2 Rh3 51. b3 Kb6 52. Kd2 Rh6
53. Re6 Rh2+ 54. Ke3 Rh3+ 55. Kd4 Rh4+ 56. Ke5 Kc5 57. Re8 Rh5+ 58. Ke6 Rh6+
59. Kd7 Rh7+ 60. Re7 Rh4 61. Bf7 Rh7 62. Kc7 Rg7 63. Kb7 Rh7 64. Rc7 Rh6 65.
Be8 Rh3 66. Rxc6+ Kd4 67. Bf7 Rg3 68. Kb6 Rg5 69. Rc4+ 1-0

[Event "II Torneo C.V.A. A"]
[Site "Arvier ITA"]
[Date "2005.04.24"]
[Round "8"]
[White "Beccaris, Gabriele"]
[Black "Pegoraro, Nicola"]
[Result "0-1"]
[WhiteElo "2091"]
[BlackElo "2082"]
[PlyCount "64"]
[EventDate "2005.04.18"]

1. e4 c5 2. c3 e5 3. Nf3 Nc6 4. Bc4 Qc7 5. d4 cxd4 6. cxd4 Nxd4 7. Nbd2 Ne6 8.
O-O Nf6 9. b3 Bc5 10. Bb2 d6 11. Rc1 Qe7 12. b4 Bb6 13. a4 O-O 14. a5 Bc7 15.
Qc2 Bb8 16. Rfd1 Nf4 17. Nf1 Be6 18. Bxe6 fxe6 19. g3 Ng6 20. Ne3 d5 21. exd5
Nxd5 22. Qe4 Qf7 23. Kg2 Nf6 24. Qc2 Nh5 25. Ng5 Qe7 26. h4 Bd6 27. Qb3 Rad8
28. Qxe6+ Kh8 29. Nd5 Qe8 30. Re1 Bb8 31. Nc7 Bxc7 32. Rxc7 Nhf4+ 0-1

[Event "II Torneo C.V.A. A"]
[Site "Arvier ITA"]
[Date "2005.04.24"]
[Round "8"]
[White "Berni, Francesco"]
[Black "Turino, Luca"]
[Result "0-1"]
[WhiteElo "1718"]
[BlackElo "1694"]
[PlyCount "96"]
[EventDate "2005.04.18"]

1. e4 e5 2. Nf3 Nc6 3. Bb5 Bc5 4. Bxc6 dxc6 5. O-O Bg4 6. d3 h6 7. Qe2 Qd7 8.
Nbd2 Bd6 9. Nc4 Ne7 10. Ne3 Bh5 11. h3 f6 12. Rd1 g5 13. g4 Bf7 14. Nf5 Nxf5
15. exf5 c5 16. Nd2 h5 17. Ne4 Qe7 18. Be3 hxg4 19. hxg4 O-O-O 20. Kg2 Rh4 21.
Rh1 Rdh8 22. c4 Be8 23. Rxh4 Rxh4 24. Rh1 Rxh1 25. Kxh1 Bc6 26. f3 Qh7+ 27. Qh2
Qxh2+ 28. Kxh2 Be7 29. Bxc5 Bxc5 30. Nxc5 Bxf3 31. Ne4 Bxg4 32. Nxf6 Bxf5 33.
Ne4 Bxe4 34. dxe4 Kd8 35. Kg3 Ke7 36. Kg4 Kf6 37. b4 Kg6 38. a4 a6 39. c5 b6
40. c6 a5 41. b5 Kh6 42. Kf5 Kh5 43. Kxe5 g4 44. Kf4 Kh4 45. e5 g3 46. e6 g2
47. e7 g1=Q 48. e8=Q Qf1+ 0-1

[Event "II Torneo C.V.A. A"]
[Site "Arvier ITA"]
[Date "2005.04.24"]
[Round "8"]
[White "Bettera, Roberto"]
[Black "De Leeuw, Johannes"]
[Result "1-0"]
[WhiteElo "1892"]
[BlackElo "1983"]
[PlyCount "105"]
[EventDate "2005.04.18"]

1. d4 d5 2. Nf3 Nf6 3. e3 g6 4. Bd3 Bg7 5. Nbd2 b6 6. Ne5 Bb7 7. f4 O-O 8. O-O
Nbd7 9. Qf3 c5 10. c3 Ne8 11. h4 Nd6 12. g4 Nf6 13. Rf2 Nfe4 14. Rh2 f6 15. h5
fxe5 16. hxg6 h6 17. dxe5 Bxe5 18. Rxh6 Bg7 19. Qh3 Nf6 20. g5 Qc8 21. gxf6
Qxh3 22. f7+ Nxf7 23. gxf7+ Kxf7 24. Rxh3 Rh8 25. Rg3 Rh6 26. Bf1 d4 27. e4
dxc3 28. bxc3 Rg8 29. Kf2 Rh2+ 30. Ke1 Rd8 31. Rb1 Bf6 32. Bc4+ e6 33. Re3 Rh1+
34. Ke2 Rg8 35. Kd3 a6 36. a4 Bc6 37. f5 Rd8+ 38. Kc2 Bxa4+ 39. Kb2 Rh2 40.
fxe6+ Ke7 41. Ka3 b5 42. Bd5 Bg5 43. Nf3 Bc2 44. Nxh2 Bxb1 45. Re1 Bxc1+ 46.
Rxc1 Bd3 47. Rg1 a5 48. Nf3 b4+ 49. cxb4 axb4+ 50. Kb3 c4+ 51. Kxb4 Rb8+ 52.
Kc3 Be2 53. Nd4 1-0

[Event "II Torneo C.V.A. A"]
[Site "Arvier ITA"]
[Date "2005.04.24"]
[Round "8"]
[White "Bonafede, Alessandro"]
[Black "Ronchetti, Niccolo'"]
[Result "0-1"]
[WhiteElo "2095"]
[BlackElo "2364"]
[PlyCount "72"]
[EventDate "2005.04.18"]

1. e4 c5 2. Nf3 Nc6 3. d4 cxd4 4. Nxd4 g6 5. Nc3 Bg7 6. Be3 Nf6 7. Bc4 O-O 8.
Bb3 a5 9. O-O d6 10. h3 Bd7 11. a3 a4 12. Ba2 Rc8 13. f4 Qa5 14. Qd3 Rfd8 15.
Rae1 Be8 16. Nxc6 bxc6 17. Qd2 Rb8 18. Nd1 Qxd2 19. Bxd2 Nd7 20. e5 d5 21. Bb4
c5 22. Ba5 Nb6 23. b4 axb3 24. cxb3 e6 25. b4 Bf8 26. Ne3 Bb5 27. Rf2 d4 28.
Ng4 c4 29. Nf6+ Kg7 30. Rc1 c3 31. Bb3 Rdc8 32. Bxb6 Rxb6 33. a4 Bc4 34. Bxc4
Rxc4 35. Ne4 Bxb4 36. Rf3 Ba3 0-1

[Event "II Torneo C.V.A. A"]
[Site "Arvier ITA"]
[Date "2005.04.24"]
[Round "8"]
[White "Bondielli, Giorgio"]
[Black "Corke, Anya S."]
[Result "0-1"]
[WhiteElo "1976"]
[BlackElo "2138"]
[PlyCount "128"]
[EventDate "2005.04.18"]

1. e4 c5 2. d4 cxd4 3. c3 dxc3 4. Nxc3 Nc6 5. Nf3 d6 6. Bc4 a6 7. O-O Nf6 8. h3
e6 9. Qe2 b5 10. Bb3 Ra7 11. Be3 Rd7 12. Rac1 Bb7 13. Bg5 Be7 14. Rfd1 O-O 15.
Bc2 Ne5 16. Nd4 h6 17. Bh4 Ng6 18. Bg3 Qa5 19. Nb3 Qb6 20. Kh1 Rfd8 21. f4 e5
22. f5 Nf8 23. Bd3 Qa7 24. Bf2 Qa8 25. Na5 d5 26. Nxb7 Qxb7 27. Nxd5 Nxd5 28.
exd5 Rxd5 29. Bc2 Bg5 30. Rxd5 Rxd5 31. Rd1 Bf4 32. Qf3 Rxd1+ 33. Bxd1 Qd7 34.
g3 Bc1 35. b3 e4 36. Qg4 e3 37. Be1 Nh7 38. Bf3 Nf6 39. Qf4 Kh7 40. Bc3 Bd2 41.
Bd4 Qe7 42. Be2 Nh5 43. Qg4 Qe4+ 44. Kh2 Qxg4 45. Bxg4 Nf6 46. Bxf6 gxf6 47.
Kg2 Kg7 48. Kf3 Kf8 49. Ke4 Ke7 50. Kd5 Kd7 51. Be2 Kc7 52. Kc5 Be1 53. g4 Bg3
54. Kd4 Bf4 55. Kc5 Be5 56. Bf3 Bg3 57. Kd4 Bf2 58. Kd5 Kb6 59. Kd6 Ka5 60. Be2
Kb4 61. Kc6 Ka3 62. Kb6 Kxa2 63. Kxa6 Kxb3 64. Kxb5 Kc3 0-1

[Event "II Torneo C.V.A. A"]
[Site "Arvier ITA"]
[Date "2005.04.24"]
[Round "8"]
[White "Bruno, Fabio"]
[Black "Cebalo, Miso"]
[Result "1/2-1/2"]
[WhiteElo "2374"]
[BlackElo "2507"]
[PlyCount "64"]
[EventDate "2005.04.18"]

1. Nf3 Nf6 2. c4 g6 3. g3 Bg7 4. Bg2 d6 5. Nc3 e5 6. O-O O-O 7. d3 Nc6 8. Rb1
a5 9. a3 h6 10. b4 axb4 11. axb4 Re8 12. e4 Bg4 13. h3 Bxf3 14. Bxf3 Nd4 15.
Bg2 c6 16. Ne2 Nxe2+ 17. Qxe2 b5 18. Be3 Qd7 19. Ra1 Qb7 20. Qd2 h5 21. Rfb1
Nd7 22. Ra5 Ra6 23. cxb5 cxb5 24. d4 exd4 25. Bxd4 Ne5 26. Bxe5 dxe5 27. Rxa6
Qxa6 28. Qd7 Rb8 29. Qd5 Qb6 30. h4 Rd8 31. Qc5 Qb8 32. Bf1 Bf8 1/2-1/2

[Event "II Torneo C.V.A. A"]
[Site "Arvier ITA"]
[Date "2005.04.24"]
[Round "8"]
[White "De Santis, Alessio"]
[Black "Sarno, Spartaco"]
[Result "1/2-1/2"]
[WhiteElo "2248"]
[BlackElo "2382"]
[PlyCount "24"]
[EventDate "2005.04.18"]

1. d4 Nf6 2. c4 g6 3. Nc3 Bg7 4. e4 d6 5. Be2 O-O 6. Bg5 Nbd7 7. Qd2 e5 8. d5
a5 9. h4 Nc5 10. f3 a4 11. h5 c6 12. h6 Bh8 1/2-1/2

[Event "II Torneo C.V.A. A"]
[Site "Arvier ITA"]
[Date "2005.04.24"]
[Round "8"]
[White "Di Cio', Enrico"]
[Black "Cavatorta, Fosco"]
[Result "1-0"]
[WhiteElo "1820"]
[BlackElo "1997"]
[PlyCount "65"]
[EventDate "2005.04.18"]

1. e4 d6 2. d4 Nf6 3. Nc3 g6 4. f4 Bg7 5. Nf3 c5 6. dxc5 Qa5 7. Bb5+ Bd7 8.
Bxd7+ Nbxd7 9. O-O Qxc5+ 10. Kh1 Ng4 11. Qe1 Rc8 12. Bd2 O-O 13. Rc1 e6 14. h3
Ngf6 15. Qe3 Qxe3 16. Bxe3 Rxc3 17. bxc3 Nxe4 18. Kg1 Nxc3 19. Rfe1 Nxa2 20.
Rb1 b6 21. Bd4 Rc8 22. Bxg7 Kxg7 23. Rb2 Nc3 24. Nd4 Rc4 25. Rb3 Nc5 26. Ra3 a5
27. Nf3 Rxf4 28. Rxc3 b5 29. Ra3 a4 30. c3 Nb7 31. Rd1 d5 32. Nd4 Na5 33. Nxb5
1-0